[Event "2BLO 2122 MSA Zugzwang - SV Deggendorf"]
[Site "?"]
[Date "2022.03.05"]
[Round "1.4"]
[White "Bromberger, Stefan"]
[Black "Bogosavljevic, Boban"]
[Result "0-1"]
[WhiteElo "2483"]
[BlackElo "2520"]
[PlyCount "112"]
[EventDate "2022.??.??"]

1. e4 c5 2. Nf3 Nc6 3. d4 cxd4 4. Nxd4 Nf6 5. Nc3 d6 6. Bg5 g6 7. Bxf6 exf6 8.
Bb5 Bd7 9. O-O Bg7 10. Ba4 O-O 11. Nxc6 Bxc6 12. Qd3 Qd7 13. Bxc6 bxc6 14. Rad1
Rad8 15. b3 Rfe8 16. Ne2 Re5 17. Ng3 Ra5 18. a4 h5 19. h4 Qg4 20. Qc3 Re5 21.
Qxc6 Qxh4 22. Qc7 Ree8 23. Qxa7 Qg4 24. Rd4 f5 25. e5 Qg5 26. Rxd6 Bxe5 27.
Rxd8 Qxd8 28. Qb7 h4 29. Ne2 Bb8 30. Qf3 Qd2 31. Nc1 Qd6 32. Qh3 Qd2 33. Qxh4
Kg7 34. Nd3 Rh8 35. Qd4+ Kg8 36. Re1 Bh2+ 37. Kf1 Be5 38. Qd8+ Kg7 39. Qxh8+
Kxh8 40. Nxe5 Kg7 41. g3 Qxc2 42. Re3 Qd1+ 43. Kg2 Qd5+ 44. Kh2 g5 45. Nc4 f4
46. gxf4 gxf4 47. Rh3 Qc5 48. Kg1 Qf5 49. Kh2 Qc2 50. Rf3 Qe4 51. Kg2 Qd5 52.
Nb2 Qf5 53. Rd3 Qf6 54. Rd2 f3+ 55. Kf1 Qh6 56. Ke1 Qh1# 0-1

[Event "2BLO 2122 MSA Zugzwang - SV Deggendorf"]
[Site "?"]
[Date "2022.03.05"]
[Round "1.5"]
[White "Popovic, Dusan"]
[Black "Kindermann, Stefan"]
[Result "1/2-1/2"]
[WhiteElo "2479"]
[BlackElo "2469"]
[PlyCount "35"]
[EventDate "2022.??.??"]

1. Nf3 d5 2. g3 c5 3. Bg2 Nc6 4. O-O e5 5. d3 Be7 6. Nc3 d4 7. Ne4 Nf6 8. Nxf6+
Bxf6 9. e3 O-O 10. e4 Be6 11. Nd2 Be7 12. f4 exf4 13. gxf4 f5 14. exf5 Bxf5 15.
Nc4 Be6 16. Bd2 Bd5 17. Bxd5+ Qxd5 18. Qf3 1/2-1/2

[Event "2BLO 2122 MSA Zugzwang - SV Deggendorf"]
[Site "?"]
[Date "2022.03.05"]
[Round "1.6"]
[White "Hertneck, Gerald"]
[Black "Dudin, Gleb"]
[Result "0-1"]
[WhiteElo "2483"]
[BlackElo "2477"]
[PlyCount "158"]
[EventDate "2022.??.??"]

1. d4 Nf6 2. Nf3 d5 3. c4 e6 4. g3 Bb4+ 5. Bd2 Bd6 6. Bg2 O-O 7. O-O c6 8. Qc2
Nbd7 9. Bf4 Bxf4 10. gxf4 b6 11. cxd5 cxd5 12. Nc3 Bb7 13. f5 Qe7 14. fxe6 fxe6
15. e3 e5 16. dxe5 Nxe5 17. Ng5 Kh8 18. Rad1 Ne4 19. Ncxe4 dxe4 20. f4 Ng4 21.
Qe2 Nf6 22. Rd4 Rad8 23. Rfd1 Rxd4 24. Rxd4 h6 25. Nh3 Rc8 26. Qd1 Qf7 27. Rd8+
Rxd8 28. Qxd8+ Kh7 29. b3 Qd5 30. Qxd5 Bxd5 31. Nf2 b5 32. Kf1 b4 33. Ke1 Kg6
34. Kd2 Kh5 35. Bh3 a5 36. Bc8 Kh4 37. Bf5 g5 38. fxg5 hxg5 39. Bc8 Bc6 40. Be6
Bb7 41. Ke2 Bc6 42. Ke1 g4 43. Kd2 Kg5 44. Ke1 Bb5 45. Bc8 Be8 46. Kd2 Bg6 47.
Ba6 Bf5 48. Bf1 Kh4 49. Nd1 Nh7 50. Ke1 Ng5 51. Kf2 Nf3 52. Kg2 Ne1+ 53. Kf2
Nd3+ 54. Ke2 Nc1+ 55. Kd2 Nxa2 56. Kc2 g3 57. hxg3+ Kxg3 58. Be2 Bg4 59. Bxg4
Kxg4 60. Nb2 Kf3 61. Nc4 Ke2 62. Nxa5 Kxe3 63. Nc6 Kf3 64. Kb2 e3 65. Kxa2 e2
66. Nd4+ Ke3 67. Nc2+ Kd2 68. Kb2 e1=Q 69. Nxe1 Kxe1 70. Kc1 Ke2 71. Kc2 Ke3
72. Kc1 Kd3 73. Kb2 Kd2 74. Kb1 Kc3 75. Ka2 Kc2 76. Ka1 Kxb3 77. Kb1 Ka3 78.
Ka1 b3 79. Kb1 b2 0-1

[Event "2BLO 2122 MSA Zugzwang - SV Deggendorf"]
[Site "?"]
[Date "2022.03.05"]
[Round "1.7"]
[White "Krstic, Petar"]
[Black "Zysk, Robert"]
[Result "0-1"]
[WhiteElo "2303"]
[BlackElo "2397"]
[PlyCount "98"]
[EventDate "2022.??.??"]

1. e4 e6 2. d3 c5 3. Nf3 Nc6 4. g3 g6 5. Bg2 Bg7 6. O-O Nge7 7. Nbd2 O-O 8. c3
d6 9. Re1 b6 10. Nf1 e5 11. Ne3 h6 12. h4 Be6 13. h5 g5 14. c4 Qd7 15. Nh2 f5
16. exf5 Nxf5 17. Bd5 Nfd4 18. Bxe6+ Qxe6 19. Nd5 Rf7 20. Re4 Raf8 21. Be3 Rf5
22. Qg4 Kh8 23. Rf1 Qf7 24. Kg2 Nc2 25. Qe2 N6d4 26. Qd2 Nxe3+ 27. Nxe3 Rf3 28.
Neg4 Rf5 29. Ne3 Rf6 30. Nd5 Qxh5 31. Nxf6 Qxh2+ 32. Kxh2 Nf3+ 33. Kg2 Nxd2 34.
Ng4 Nxf1 35. Kxf1 h5 36. Ne3 g4 37. b3 Kh7 38. Nd5 Rf7 39. Ke2 Kg6 40. a4 Bh6
41. b4 cxb4 42. Nxb4 Bc1 43. d4 Bb2 44. dxe5 dxe5 45. Nc2 Rd7 46. Re3 Kf5 47.
Rb3 Bd4 48. Rb5 Bxf2 49. a5 Bc5 0-1

[Event "2BLO 2122 MSA Zugzwang - SV Deggendorf"]
[Site "?"]
[Date "2022.03.05"]
[Round "1.8"]
[White "Lammers, Markus"]
[Black "Kuznecovs, Nikita"]
[Result "0-1"]
[WhiteElo "2300"]
[BlackElo "2267"]
[PlyCount "134"]
[EventDate "2022.??.??"]

1. Nf3 Nf6 2. c4 g6 3. d4 Bg7 4. g3 O-O 5. Bg2 d6 6. O-O Nc6 7. Nc3 a6 8. Qd3
Bd7 9. d5 Nb4 10. Qd1 a5 11. Be3 e5 12. dxe6 fxe6 13. Qd2 Ng4 14. Bg5 Qc8 15.
c5 dxc5 16. h3 Nf6 17. Ne5 Be8 18. Rfd1 Ra6 19. Bh6 Rd6 20. Qg5 Bxh6 21. Qxh6
Nbd5 22. Ne4 Nxe4 23. Bxe4 Nf6 24. Bf3 Qd8 25. Rdc1 b6 26. Nc4 Rd4 27. e3 Rd7
28. Ne5 Rd2 29. Nc4 Rd7 30. Ne5 Rg7 31. Rd1 Qe7 32. Rd2 Nd5 33. Be4 Kh8 34. h4
Nf6 35. Bc2 Nd7 36. Rxd7 Bxd7 37. Nxg6+ Rxg6 38. Bxg6 Rf6 39. h5 Be8 40. e4
Bxg6 41. e5 Qf8 42. Qd2 Rf5 43. hxg6 hxg6 44. Rd1 Rxe5 45. Qd7 Re2 46. f4 Qa8
47. Qd8+ Qxd8 48. Rxd8+ Kg7 49. Rd7+ Kf6 50. Rxc7 Rxb2 51. a4 g5 52. fxg5+ Kxg5
53. Kf1 Kg4 54. Re7 Kxg3 55. Rxe6 Kf4 56. Ke1 Kf5 57. Rh6 Ke5 58. Kd1 c4 59.
Kc1 c3 60. Rh4 Kd5 61. Rg4 Kc5 62. Rg6 Ra2 63. Rg4 Rd2 64. Rg5+ Kc4 65. Rb5 Rb2
66. Rh5 Kb4 67. Rh4+ Kb3 0-1

[Event "2BLO 2122 SG 1871 Löberitz - SC Bavari"]
[Site "?"]
[Date "2022.03.06"]
[Round "2.1"]
[White "Stocek, Jiri"]
[Black "Stein, Robert"]
[Result "1-0"]
[WhiteElo "2555"]
[BlackElo "2360"]
[PlyCount "75"]
[EventDate "2022.??.??"]

1. d4 d5 2. c4 e6 3. Nf3 a6 4. Nbd2 Nf6 5. g3 b6 6. Bg2 Bb7 7. O-O Nbd7 8. Qc2
Bd6 9. e4 Nxe4 10. Nxe4 dxe4 11. Ng5 Ra7 12. Nxe4 Qa8 13. d5 O-O 14. dxe6 fxe6
15. Ng5 g6 16. Bxb7 Qxb7 17. Re1 e5 18. c5 Nxc5 19. b4 Nd7 20. Qc4+ Kg7 21.
Ne6+ Kh8 22. Nxf8 Bxf8 23. Bb2 Bg7 24. Rad1 c5 25. Qf7 Qc8 26. bxc5 bxc5 27.
Qe7 Rb7 28. Bc3 c4 29. Qe6 Rc7 30. Rd6 Nc5 31. Qd5 Nb7 32. Rxa6 Rd7 33. Rc6 Qd8
34. Qxc4 Nd6 35. Qa6 e4 36. Rd1 Nb7 37. Bxg7+ Kxg7 38. Qxb7 1-0

[Event "2BLO 2122 SG 1871 Löberitz - SC Bavari"]
[Site "?"]
[Date "2022.03.06"]
[Round "2.2"]
[White "Pallas, Sebastian"]
[Black "Kaczur, Florian"]
[Result "1/2-1/2"]
[WhiteElo "2226"]
[BlackElo "2482"]
[PlyCount "94"]
[EventDate "2022.??.??"]

1. e4 e6 2. d4 d5 3. Nd2 a6 4. Bd3 c5 5. dxc5 Bxc5 6. Ngf3 Nc6 7. O-O Nge7 8.
c3 O-O 9. Qe2 Ng6 10. Nb3 Bd6 11. exd5 exd5 12. h3 Re8 13. Qc2 Bc7 14. Bg5 Qd6
15. Rfe1 Bd7 16. Bf5 Nge5 17. Nbd2 h6 18. Bxd7 Qxd7 19. Be3 Re6 20. Nd4 Rg6 21.
Nxc6 bxc6 22. f4 Qxh3 23. Qxg6 Qxe3+ 24. Rxe3 Nxg6 25. Kf1 Bxf4 26. Re2 Kf8 27.
Nf3 Bd6 28. Rd1 Nf4 29. Red2 Nh5 30. Nd4 Ng3+ 31. Kg1 Rc8 32. b3 g6 33. c4 c5
34. Ne2 d4 35. Nxg3 Bxg3 36. Rd3 Bf4 37. Kf2 Re8 38. Kf3 Be3 39. Rb1 a5 40. a3
Ke7 41. b4 axb4 42. axb4 cxb4 43. Rxb4 Kd6 44. Rb7 f5 45. Rdb3 Bd2 46. g3 Bc3
47. R7b5 Re3+ 1/2-1/2

[Event "2BLO 2122 SG 1871 Löberitz - SC Bavari"]
[Site "?"]
[Date "2022.03.06"]
[Round "2.3"]
[White "Schneider, Jana"]
[Black "Niegsch, Nicolas"]
[Result "0-1"]
[WhiteElo "2266"]
[BlackElo "2299"]
[PlyCount "139"]
[EventDate "2022.??.??"]

1. e4 e5 2. Nf3 Nc6 3. Bb5 a6 4. Ba4 Nf6 5. O-O Be7 6. Re1 b5 7. Bb3 d6 8. c3
O-O 9. h3 Na5 10. Bc2 c5 11. d4 Qc7 12. d5 Bd7 13. b3 Rfb8 14. Nbd2 c4 15. b4
Nb7 16. Nf1 g6 17. Bg5 Qd8 18. Qd2 Ne8 19. Bh6 Ng7 20. g4 Qe8 21. Ng3 Nd8 22.
Kh2 f6 23. Rg1 Nf7 24. Be3 a5 25. Ne2 Ra6 26. Ne1 Rba8 27. Bd1 Ng5 28. f3 Qb8
29. Rg3 axb4 30. cxb4 Bd8 31. Nc3 Bb6 32. f4 Nf7 33. fxe5 fxe5 34. g5 Qa7 35.
Bxb6 Qxb6 36. Nc2 Rf8 37. Rg2 Nh8 38. Be2 Rf4 39. Qe3 Qd8 40. Rag1 Nf7 41. a3
Ra8 42. Bf3 Nh8 43. Bg4 Bxg4 44. Rxg4 Rxg4 45. Rxg4 Qb8 46. Rg2 Nh5 47. Rf2 Nf7
48. h4 Qb7 49. Qf3 Nf4 50. Ne2 Nh5 51. Qh3 Qa7 52. Qf1 Qd7 53. Qh3 Qa7 54. Rf3
Re8 55. Qf1 h6 56. gxh6 Nxh6 57. Qg1 Qg7 58. Ne3 Rf8 59. Rxf8+ Kxf8 60. Qg5 Nf7
61. Qg4 Qf6 62. Kg1 Nh6 63. Qc8+ Kg7 64. Qd7+ Nf7 65. Qg4 Nf4 66. Ng3 Kh7 67.
h5 gxh5 68. Nxh5 Qg5 69. Kf2 Nxh5 70. Qh3 0-1

[Event "2BLO 2122 SG 1871 Löberitz - SC Bavari"]
[Site "?"]
[Date "2022.03.06"]
[Round "2.4"]
[White "Reizniece-Ozola, Dana"]
[Black "Kilgus, Georg"]
[Result "1-0"]
[WhiteElo "2283"]
[BlackElo "2415"]
[PlyCount "101"]
[EventDate "2022.??.??"]

1. c4 e5 2. g3 Nc6 3. Bg2 g6 4. Nc3 Bg7 5. d3 d6 6. Rb1 a5 7. b3 Nge7 8. a3 O-O
9. e3 Be6 10. Nd5 Qd7 11. Bb2 Rab8 12. Qd2 b5 13. Ne2 Bh3 14. Bxh3 Qxh3 15.
Nxc7 bxc4 16. bxc4 Qg2 17. Rf1 Qxh2 18. Nc3 Rb7 19. N7b5 Rd8 20. Qe2 h5 21. Qf3
Qh3 22. Ne4 Qe6 23. Ng5 Qf5 24. Qxf5 Nxf5 25. Ke2 d5 26. e4 dxc4 27. dxc4 Nfd4+
28. Bxd4 exd4 29. f4 d3+ 30. Kd2 a4 31. e5 Nxe5 32. fxe5 Bh6 33. Nd6 Bxg5+ 34.
Kxd3 Re7 35. Kd4 f6 36. c5 Rxe5 37. Rfe1 Rxe1 38. Rxe1 h4 39. gxh4 Bxh4 40. Re6
Bg3 41. Rxf6 Kg7 42. Re6 Bf2+ 43. Kd5 g5 44. c6 Bb6 45. c7 Bxc7 46. Re7+ Kf6
47. Rxc7 g4 48. Rc4 Kg5 49. Ke5 Ra8 50. Ne4+ Kh4 51. Nf2 1-0

[Event "2BLO 2122 SG 1871 Löberitz - SC Bavari"]
[Site "?"]
[Date "2022.03.06"]
[Round "2.5"]
[White "Goldbeck, Lars"]
[Black "Schuetze, Norman"]
[Result "1/2-1/2"]
[WhiteElo "2267"]
[BlackElo "2292"]
[PlyCount "151"]
[EventDate "2022.??.??"]

1. d4 d5 2. c4 e6 3. Nf3 Nf6 4. e3 a6 5. b3 c5 6. cxd5 exd5 7. Be2 cxd4 8. Nxd4
Bb4+ 9. Bd2 Bd6 10. Nc3 O-O 11. Bf3 Nc6 12. Nxc6 bxc6 13. O-O Bf5 14. Ne2 Ne4
15. Nd4 Bd7 16. Rc1 c5 17. Ne2 Be6 18. Bc3 Ng5 19. Nf4 Bxf4 20. exf4 Nxf3+ 21.
Qxf3 d4 22. Bb2 Bd5 23. Qh5 Qd6 24. Ba3 Rac8 25. Qe5 Qxe5 26. fxe5 Rfe8 27.
Rxc5 Rxc5 28. Bxc5 Rxe5 29. Bxd4 Re2 30. Ra1 h5 31. Be3 Kf8 32. Kf1 Rc2 33. Rd1
Be6 34. Rd2 Rxd2 35. Bxd2 Ke8 36. Ke2 Bd5 37. f3 Kd7 38. Ke3 Bc6 39. Kd4 Bb5
40. Ke5 Bd3 41. g4 hxg4 42. fxg4 Bb1 43. a3 Ba2 44. b4 Be6 45. Kf4 Ke7 46. Be3
Bd7 47. Bc5+ Kf6 48. h4 g5+ 49. hxg5+ Ke6 50. Bf8 Kd5 51. Be7 Ba4 52. Kf5 Bc2+
53. Kf6 Bg6 54. Bf8 Kc6 55. a4 Kb6 56. Bc5+ Kc6 57. Be3 Kb7 58. Ke7 Kc6 59. Bf2
Kb7 60. b5 axb5 61. axb5 Kc8 62. Kd6 Kb7 63. Ke7 Kc7 64. Bc5 Kb7 65. Kd7 Bd3
66. Ke8 Bg6 67. Ke7 Kc7 68. b6+ Kb7 69. Be3 Kc6 70. Kd8 Kb7 71. Bg1 Bd3 72. Bf2
Bc2 73. Bd4 Bd3 74. Ke7 Bg6 75. Kd8 Bd3 76. Ke7 1/2-1/2

[Event "2BLO 2122 SG 1871 Löberitz - SC Bavari"]
[Site "?"]
[Date "2022.03.06"]
[Round "2.6"]
[White "Post, Hugo"]
[Black "Ganaus, Hannes"]
[Result "1-0"]
[WhiteElo "2133"]
[BlackElo "2252"]
[PlyCount "87"]
[EventDate "2022.??.??"]

1. e4 e5 2. Nf3 Nc6 3. Bc4 Nf6 4. d3 h6 5. c3 d6 6. Nbd2 g6 7. a4 Bg7 8. Nf1
O-O 9. Ne3 a5 10. Bd2 Ne7 11. Ba2 Kh7 12. h4 Nh5 13. Qc2 c6 14. g4 Nf4 15. h5
g5 16. Nf5 Nxf5 17. gxf5 b5 18. Bxf4 gxf4 19. axb5 cxb5 20. Bd5 Rb8 21. Qb3 Qc7
22. Ke2 Bf6 23. Rhg1 a4 24. Qb4 Bb7 25. Bxb7 Rxb7 26. Qa3 Rd8 27. Qa2 d5 28.
Rad1 Qc6 29. Nd2 Rbd7 30. exd5 Rxd5 31. Ne4 Bh8 32. Qb1 Rxd3 33. Rxd3 Qxe4+ 34.
Kd2 Rf8 35. Rd6 Qf3 36. Ke1 e4 37. Qd1 Qxd1+ 38. Kxd1 a3 39. Kc2 axb2 40. f6 e3
41. fxe3 fxe3 42. Kxb2 e2 43. Kc2 Re8 44. Kd2 1-0

[Event "2BLO 2122 SG 1871 Löberitz - SC Bavari"]
[Site "?"]
[Date "2022.03.06"]
[Round "2.7"]
[White "Oberhofer, Cedric"]
[Black "Mertens, Fridolin"]
[Result "1-0"]
[WhiteElo "2285"]
[BlackElo "2130"]
[PlyCount "103"]
[EventDate "2022.??.??"]

1. d4 Nf6 2. c4 e6 3. g3 Bb4+ 4. Bd2 a5 5. Bg2 O-O 6. Nf3 d6 7. O-O Bxd2 8.
Qxd2 Nbd7 9. Nc3 Qe7 10. e4 e5 11. Rfe1 Re8 12. Rad1 c6 13. b3 Nf8 14. h3 Qc7
15. d5 c5 16. Qd3 Bd7 17. Rb1 Nh5 18. a3 Qc8 19. Kh2 f5 20. exf5 Bxf5 21. Ne4
Nf6 22. Nfg5 Nxe4 23. Bxe4 Bxe4 24. Nxe4 Qc7 25. b4 axb4 26. axb4 b6 27. Re3 h6
28. bxc5 bxc5 29. Nc3 Ra6 30. Kg2 Re7 31. Ne4 Nd7 32. Rf3 Rf7 33. Rxf7 Kxf7 34.
Qf3+ Nf6 35. Nxf6 gxf6 36. Qf5 Kg7 37. Qg4+ Kh7 38. Qf5+ Kg7 39. h4 Ra7 40. h5
Qf7 41. Rb6 Rd7 42. Rb8 e4 43. Qg4+ Kh7 44. Qxe4+ f5 45. Qf3 Qf6 46. Re8 Rg7
47. Re6 Qf8 48. Qe3 Rg4 49. Re8 Qf6 50. Qe7+ Qxe7 51. Rxe7+ Kg8 52. f4 1-0

[Event "2BLO 2122 SG 1871 Löberitz - SC Bavari"]
[Site "?"]
[Date "2022.03.06"]
[Round "2.8"]
[White "Boehm, Christian"]
[Black "Bauer, Thomas"]
[Result "0-1"]
[WhiteElo "2075"]
[BlackElo "2224"]
[PlyCount "98"]
[EventDate "2022.??.??"]

1. e4 c5 2. Nc3 d6 3. d4 cxd4 4. Qxd4 Nc6 5. Qd2 g6 6. b3 Bh6 7. f4 Nf6 8. Bb2
O-O 9. O-O-O Bg4 10. Re1 e5 11. g3 Rc8 12. h3 Be6 13. Bg2 Nh5 14. Nge2 Nxg3 15.
Nxg3 Bxf4 16. Re3 Qg5 17. Nf1 Nd4 18. Kb1 b5 19. h4 Qh6 20. Qd3 b4 21. Ne2 Nxc2
22. Nxf4 exf4 23. Re2 Na3+ 24. Bxa3 bxa3 25. Nd2 Qg7 26. Nf3 Bc4 27. bxc4 Rb8+
28. Kc2 Qb2+ 29. Kd1 Qa1+ 30. Kd2 Rb2+ 31. Kc3 Rb1+ 32. Kd2 Qxa2+ 33. Qc2 Rb2
34. Kc3 Rc8 35. Kd3 Rxc2 36. Rxc2 Qb3+ 37. Rc3 Qb6 38. Nd4 a2 39. Ra1 Qb1+ 40.
Nc2 Rb8 41. e5 dxe5 42. c5 Rd8+ 43. Kc4 Rd2 44. Be4 a6 45. Ra3 Rxc2+ 46. Bxc2
Qxa1 47. Kb3 Qb1+ 48. Bxb1 axb1=Q+ 49. Kc4 f3 0-1

[Event "2BLO 2122 Nickelhütte Aue - SK Passau"]
[Site "?"]
[Date "2022.03.06"]
[Round "2.1"]
[White "Diermair, Andreas"]
[Black "Prohaszka, Peter"]
[Result "1/2-1/2"]
[WhiteElo "2473"]
[BlackElo "2573"]
[PlyCount "28"]
[EventDate "2022.??.??"]

1. d4 d5 2. c4 e6 3. Nf3 Nf6 4. Nc3 a6 5. c5 b6 6. cxb6 cxb6 7. Bf4 Bd6 8. Bxd6
Qxd6 9. e3 Nbd7 10. Bd3 Bb7 11. O-O O-O 12. Qe2 b5 13. Rac1 Rac8 14. Nb1 Ne4 {
(=)} 1/2-1/2

[Event "2BLO 2122 Nickelhütte Aue - SK Passau"]
[Site "?"]
[Date "2022.03.06"]
[Round "2.2"]
[White "Antal, Gergely"]
[Black "Schmidt, Peter"]
[Result "1/2-1/2"]
[WhiteElo "2564"]
[BlackElo "2402"]
[PlyCount "136"]
[EventDate "2022.??.??"]

1. e4 g6 2. d4 Bg7 3. Nc3 d6 4. f4 Nf6 5. a3 O-O 6. Nf3 Nc6 7. Be2 e5 8. dxe5
dxe5 9. Qxd8 Rxd8 10. fxe5 Ng4 11. Bg5 Rd7 12. Nd5 Ncxe5 13. Nxe5 Nxe5 14. Nf6+
Bxf6 15. Bxf6 Rd4 16. Rd1 Rxd1+ 17. Bxd1 Ng4 18. Bxg4 Bxg4 19. Kf2 Re8 20. Re1
Re6 21. e5 Re8 22. Re4 Be6 23. Rd4 h6 24. Rh4 Kh7 25. g3 Bf5 26. g4 Bd7 27. Kg3
Be6 28. Kf4 Bd7 29. Bg5 h5 30. gxh5 gxh5 31. Rxh5+ Kg6 32. Rh6+ Kg7 33. Rh4 Kg6
34. Bf6 Be6 35. Ke3 Bf5 36. Rc4 Rc8 37. c3 c5 38. Rf4 Rc7 39. Rh4 Rd7 40. Rh8
Be6 41. h4 Rd1 42. Rg8+ Kh5 43. Rg5+ Kh6 44. Rg2 Bf5 45. Bg7+ Kh7 46. Bf8 Re1+
47. Kf2 Rxe5 48. Rg7+ Kh8 49. Rg5 Kh7 50. c4 b6 51. b4 cxb4 52. axb4 a5 53.
bxa5 bxa5 54. Rg7+ Kh8 55. Rxf7 Kg8 56. Rf6 Be6 57. Bd6 Rf5+ 58. Rxf5 Bxf5 59.
Ke1 Kh7 60. Kd2 Kg6 61. Kc3 Bd7 62. Bc7 a4 63. c5 Kh5 64. Bd8 a3 65. c6 Be8 66.
Kb3 a2 67. Bf6 a1=Q 68. Bxa1 Bxc6 1/2-1/2

[Event "2BLO 2122 Nickelhütte Aue - SK Passau"]
[Site "?"]
[Date "2022.03.06"]
[Round "2.3"]
[White "Schwabeneder, Florian"]
[Black "Slobodjan, Roman"]
[Result "1-0"]
[WhiteElo "2439"]
[BlackElo "2459"]
[PlyCount "61"]
[EventDate "2022.??.??"]

1. Nf3 d5 2. g3 g6 3. Bg2 Bg7 4. O-O e5 5. d3 Ne7 6. c4 d4 7. b4 h6 8. Nbd2 g5
9. Nb3 Ng6 10. Nfd2 a6 11. a4 O-O 12. b5 f5 13. Ba3 Rf6 14. Qc2 g4 15. e3 f4
16. exf4 exf4 17. Bd5+ Kh7 18. Rfe1 axb5 19. axb5 c6 20. Be4 Bf5 21. Bb2 Rxa1
22. Bxa1 Rf7 23. Qd1 cxb5 24. cxb5 Qd7 25. Nc4 f3 26. Nc5 Qxb5 27. Bxf5 Rxf5
28. Ne6 Rf7 29. Nd6 Qh5 30. Nxf7 Kg8 31. Re4 1-0

[Event "2BLO 2122 Nickelhütte Aue - SK Passau"]
[Site "?"]
[Date "2022.03.06"]
[Round "2.4"]
[White "Langrock, Hannes"]
[Black "Leisch, Lukas"]
[Result "1/2-1/2"]
[WhiteElo "2355"]
[BlackElo "2403"]
[PlyCount "111"]
[EventDate "2022.??.??"]

1. d4 Nf6 2. Nf3 d5 3. g3 Bf5 4. Bg2 e6 5. c4 c6 6. Nc3 h6 7. Qb3 Qb6 8. c5
Qxb3 9. axb3 Be7 10. h3 Ne4 11. g4 Bh7 12. Bf4 O-O 13. O-O Nd7 14. b4 a6 15.
Nxe4 Bxe4 16. Ne5 Nxe5 17. Bxe5 Bg6 18. f3 Rfe8 19. e4 Rad8 20. Rad1 Rd7 21.
Kf2 Red8 22. Ke3 dxe4 23. fxe4 a5 24. Bd6 Bxd6 25. cxd6 Rxd6 26. e5 R6d7 27.
bxa5 Bc2 28. Rd2 Bb3 29. Rc1 Ra8 30. Rc5 Kf8 31. Rd3 Ba4 32. b4 Ke7 33. Rd2 Bb5
34. h4 Rad8 35. Bf3 Rb8 36. Rc1 Rbd8 37. g5 Rh8 38. Rh1 Bc4 39. Rhh2 Rdd8 40.
Be4 g6 41. Rc2 Bb3 42. Rb2 Bc4 43. Rbf2 Rdg8 44. h5 gxh5 45. g6 fxg6 46. Rf6
Rg7 47. Bxg6 Rhg8 48. Bxh5 Bd5 49. Rhf2 Kd7 50. Rxh6 Rg3+ 51. Kd2 Rb3 52. Rh7+
Kc8 53. Bf7 Rb2+ 54. Kc1 Rxf2 55. Bxg8 Rf4 56. Rh6 {(=)} 1/2-1/2

[Event "2BLO 2122 Nickelhütte Aue - SK Passau"]
[Site "?"]
[Date "2022.03.06"]
[Round "2.5"]
[White "Weiss, Christian"]
[Black "Spiess, Gunter"]
[Result "1/2-1/2"]
[WhiteElo "2378"]
[BlackElo "2388"]
[PlyCount "87"]
[EventDate "2022.??.??"]

1. d4 d5 2. Nf3 Nf6 3. c4 e6 4. Nc3 dxc4 5. e3 a6 6. a4 c5 7. Bxc4 Nc6 8. O-O
Be7 9. dxc5 Qxd1 10. Rxd1 Bxc5 11. Bd2 b6 12. Be1 Bb7 13. Nd2 Ne5 14. Be2 Rc8
15. Nb3 Be7 16. Nd4 O-O 17. Nf3 Nc4 18. Bxc4 Rxc4 19. Ne5 Rc7 20. f3 Rfc8 21.
e4 Bc5+ 22. Bf2 Kf8 23. Rd2 Bxf2+ 24. Kxf2 Bc6 25. Rad1 Be8 26. Rd6 Rb7 27. g4
h6 28. h4 g5 29. hxg5 hxg5 30. R6d4 Ke7 31. Ke3 a5 32. Nc4 Rbb8 33. R1d2 Rc7
34. e5 Nd7 35. Ne4 Nc5 36. Nxc5 bxc5 37. Rd6 Rb3+ 38. R6d3 Bxa4 39. Nxa5 Rxd3+
40. Rxd3 Rd7 41. Nc4 Bb5 42. Rc3 Bxc4 43. Rxc4 Rb7 44. Rxc5 1/2-1/2

[Event "2BLO 2122 Nickelhütte Aue - SK Passau"]
[Site "?"]
[Date "2022.03.06"]
[Round "2.6"]
[White "Wichmann, Cliff"]
[Black "Wisnet, Dominic"]
[Result "1/2-1/2"]
[WhiteElo "2299"]
[BlackElo "2332"]
[PlyCount "31"]
[EventDate "2022.??.??"]

1. d4 Nf6 2. c4 e6 3. Nf3 c5 4. d5 exd5 5. cxd5 d6 6. Nc3 g6 7. h3 Bg7 8. e4
O-O 9. Bd3 b5 10. Bxb5 Nxe4 11. Nxe4 Qa5+ 12. Nfd2 Qxb5 13. Nxd6 Qa6 14. N2c4
Nd7 15. O-O Ne5 16. Nxe5 {(=)} 1/2-1/2

[Event "2BLO 2122 Nickelhütte Aue - SK Passau"]
[Site "?"]
[Date "2022.03.06"]
[Round "2.7"]
[White "Testor, Sebastian"]
[Black "Pulpan, Jakub"]
[Result "1-0"]
[WhiteElo "2323"]
[BlackElo "2420"]
[PlyCount "65"]
[EventDate "2022.??.??"]

1. d4 Nf6 2. Nf3 d5 3. c4 e6 4. Nc3 c5 5. cxd5 exd5 6. g3 Nc6 7. Bg2 cxd4 8.
Nxd4 Bc5 9. Nb3 Bb6 10. O-O d4 11. Na4 O-O 12. Bg5 Re8 13. Nxb6 axb6 14. e3 d3
15. Bxf6 gxf6 16. Qh5 Ra4 17. Nd2 Bg4 18. Qh4 Ne5 19. b3 Rb4 20. a3 Ng6 21. Qh6
Rb5 22. e4 Qd4 23. Qe3 Qxe3 24. fxe3 Rc5 25. e5 Rexe5 26. Ne4 Rxe4 27. Bxe4 Be2
28. Rf5 Rxf5 29. Bxf5 Ne7 30. Bxd3 Bxd3 31. Rd1 Be4 32. Rd8+ Kg7 33. h4 1-0

[Event "2BLO 2122 Nickelhütte Aue - SK Passau"]
[Site "?"]
[Date "2022.03.06"]
[Round "2.8"]
[White "Cerveny, Martin"]
[Black "Pflug, Matthias"]
[Result "1-0"]
[WhiteElo "2408"]
[BlackElo "2275"]
[PlyCount "119"]
[EventDate "2022.??.??"]

1. Nf3 Nf6 2. d4 g6 3. b4 Bg7 4. Bb2 O-O 5. c4 d6 6. e3 c5 7. b5 cxd4 8. Nxd4
Nbd7 9. Be2 d5 10. cxd5 Nb6 11. Nc3 Nbxd5 12. Nxd5 Qxd5 13. O-O Rd8 14. Qa4 Bg4
15. Bc4 Qg5 16. f4 Qc5 17. Rac1 Qb6 18. h3 Bf5 19. Qb3 e6 20. Rfd1 Be4 21. a4
Nd5 22. Bxd5 Rxd5 23. Qb4 g5 24. a5 Qd8 25. Rf1 Bd3 26. Rfd1 Bg6 27. Qa4 gxf4
28. exf4 Qd6 29. f5 Bh5 30. Rd3 Rd8 31. g4 Bxd4+ 32. Bxd4 Rxd4 33. Qxd4 Qxd4+
34. Rxd4 Rxd4 35. fxe6 fxe6 36. gxh5 Rd7 37. Rc8+ Kf7 38. Ra8 b6 39. a6 Ke7 40.
h6 Rc7 41. Rg8 Kf6 42. Kf2 Rc5 43. Rg7 Rxb5 44. Rxh7 Kg6 45. Rxa7 Kxh6 46. Re7
e5 47. a7 Ra5 48. Ke3 Kg6 49. Ke4 Kf6 50. Rb7 Kg5 51. Rc7 Kh4 52. Rh7+ Kg5 53.
h4+ Kg6 54. Re7 Kh6 55. Kf5 e4+ 56. Kxe4 Kg6 57. h5+ Kf6 58. Rd7 Ke6 59. Rg7
Kf6 60. h6 1-0

[Event "2BLO 2122 SC Erlangen - MSA Zugzwang"]
[Site "?"]
[Date "2022.03.06"]
[Round "2.1"]
[White "Short, Nigel D"]
[Black "Miller, Eduard"]
[Result "1-0"]
[WhiteElo "2620"]
[BlackElo "2351"]
[PlyCount "67"]
[EventDate "2022.??.??"]

1. e4 c5 2. Nf3 Nc6 3. Nc3 Nf6 4. Bb5 d6 5. e5 dxe5 6. Nxe5 Qc7 7. Bxc6+ bxc6
8. Qe2 Bf5 9. d3 e6 10. Bf4 Bd6 11. Bg3 Bxe5 12. Bxe5 Qb7 13. O-O O-O 14. Bxf6
gxf6 15. b3 Qb4 16. Na4 Rad8 17. Rad1 Rd5 18. Qd2 Qh4 19. f3 Bg6 20. Qf2 Qb4
21. Nb2 f5 22. f4 f6 23. Nc4 e5 24. Rde1 Qc3 25. Re3 Qd4 26. fxe5 fxe5 27. Rxe5
Qxc4 28. bxc4 Rxe5 29. Re1 Rfe8 30. Rxe5 Rxe5 31. h4 Kg7 32. Qg3 Kf6 33. Qg5+
Ke6 34. h5 1-0

[Event "2BLO 2122 SC Erlangen - MSA Zugzwang"]
[Site "?"]
[Date "2022.03.06"]
[Round "2.2"]
[White "Klek, Hanna Marie"]
[Black "Mons, Leon"]
[Result "0-1"]
[WhiteElo "2314"]
[BlackElo "2537"]
[PlyCount "110"]
[EventDate "2022.??.??"]

1. e4 e5 2. Nf3 Nc6 3. Bb5 a6 4. Ba4 Nf6 5. O-O Be7 6. d3 b5 7. Bb3 d6 8. c3
O-O 9. Re1 Na5 10. Bc2 c5 11. Nbd2 Nc6 12. Nf1 Re8 13. h3 h6 14. Ng3 Be6 15. d4
cxd4 16. cxd4 exd4 17. Nxd4 Nxd4 18. Qxd4 Rc8 19. Bb3 d5 20. e5 Bc5 21. Qf4 Ne4
22. Nxe4 dxe4 23. Qxe4 Qd4 24. Qxd4 Bxd4 25. Re4 Rcd8 26. Bxe6 Rxe6 27. Rb1
Bxe5 28. Bf4 Bd4 29. Rxe6 fxe6 30. Re1 e5 31. Bxe5 Re8 32. Re4 Bxb2 33. f4 Kf7
34. Kf2 Bxe5 35. fxe5 Ke6 36. Ke3 Rc8 37. Kd3 Rc5 38. Rg4 g5 39. h4 Rd5+ 40.
Kc3 Kf5 41. Rg3 Rxe5 42. hxg5 hxg5 43. Rf3+ Kg4 44. Kd2 a5 45. Rd3 Re4 46. a3
Kf4 47. Rb3 Rd4+ 48. Ke2 b4 49. axb4 axb4 50. Rf3+ Ke5 51. Rf8 Rg4 52. Re8+ Kd4
53. Kf3 Rf4+ 54. Kg3 b3 55. Rd8+ Kc3 0-1

[Event "2BLO 2122 SC Erlangen - MSA Zugzwang"]
[Site "?"]
[Date "2022.03.06"]
[Round "2.3"]
[White "Shengelia, David"]
[Black "Mijovic, Stefan"]
[Result "1-0"]
[WhiteElo "2494"]
[BlackElo "2407"]
[PlyCount "55"]
[EventDate "2022.??.??"]

1. e4 c5 2. b3 e6 3. Bb2 a6 4. Nf3 d5 5. exd5 exd5 6. Qe2+ Be6 7. d4 Nc6 8.
dxc5 Nf6 9. Ng5 Qd7 10. Nxe6 fxe6 11. g3 Bxc5 12. Bh3 Kf7 13. Nd2 Rhe8 14.
O-O-O Qe7 15. Rhe1 e5 16. Nf3 Ba3 17. Ng5+ Kg8 18. Be6+ Kh8 19. f4 Ne4 20. Nf7+
Kg8 21. f5 Nc3 22. Qh5 Bxb2+ 23. Kxb2 Nxd1+ 24. Rxd1 g6 25. fxg6 Qxe6 26. Qxh7+
Kf8 27. Ng5 Qf6 28. g7+ 1-0